| 000 | 00947nam a22002177a 4500 | ||
|---|---|---|---|
| 999 |
_c17541 _d17541 |
||
| 003 | AR-CdUCM | ||
| 008 | 190508b ||||| |||| 00| 0 spa d | ||
| 040 |
_aMUNICIPALIDAD PROVINCIAL DEL CUSCO _cBIBLIOTECA MUNICIPAL DEL CUSCO |
||
| 082 |
_a946.086 / _bH19 |
||
| 100 |
_aHamilton, Thomas L. _937606 |
||
| 245 |
_aEl régimen de Franco en España : _bhijo del apaciguamiento / |
||
| 260 |
_aSantiago de Chile : _bNuestro tiempo, _c1943. |
||
| 300 |
_a377 paginas ; _c19 cm. |
||
| 505 | _aContenido : Castillos fascistas en España -- Amando a nuestros enemigos -- Despertando a la realidad -- Conflicto interno del nuevo orden -- Ni cañones ni mantequilla -- El régimen de Franco y el mundo exterior... | ||
| 650 |
_aOrden Fascista _937607 |
||
| 650 |
_aCombate en américa latina _937608 |
||
| 650 |
_aEspaña y el segundo frente _937609 |
||
| 700 |
_aLozano, Martin (Traducción) _937610 |
||
| 942 |
_2ddc _cLIBROS |
||
| 945 |
_awnts _d2019-05-08 |
||